Kairos, God, the Church and the world : (Record no. 8194)

MARC details
000 -LEADER
fixed length control field 00451nam a22001577a 4500
003 - CONTROL NUMBER IDENTIFIER
control field GBCCL
005 - DATE AND TIME OF LATEST TRANSACTION
control field 20241126110645.0
008 - FIXED-LENGTH DATA ELEMENTS--GENERAL INFORMATION
fixed length control field 190712b ||||| |||| 00| 0 eng d
040 ## - CATALOGING SOURCE
Transcribing agency gbc
082 ## - DEWEY DECIMAL CLASSIFICATION NUMBER
Classification number 266
Item number KAI
245 ## - TITLE STATEMENT
Title Kairos, God, the Church and the world :
Remainder of title also known as condensed World Mission course CWMC
250 ## - EDITION STATEMENT
Edition statement 3rd ed.
260 ## - PUBLICATION, DISTRIBUTION, ETC.
Place of publication, distribution, etc. Philippines :
Name of publisher, distributor, etc. Living spring,
Date of publication, distribution, etc. 2004
650 ## - SUBJECT ADDED ENTRY--TOPICAL TERM
Topical term or geographic name entry element Missions
Form subdivision text
Geographic subdivision World
9 (RLIN) 14265
942 ## - ADDED ENTRY ELEMENTS (KOHA)
Source of classification or shelving scheme Dewey Decimal Classification
Koha item type Books
Holdings
Withdrawn status Lost status Source of classification or shelving scheme Damaged status Not for loan Home library Current Library Shelving location Date acquired Total checkouts Full call number Barcode Date last seen Copy number Price effective from Koha item type
    Dewey Decimal Classification     GRACE BIBLE COLLEGE GRACE BIBLE COLLEGE Ministry & Mission 2019-07-12   266 KAI 004301 2025-05-01 c.1 2019-07-12 Books
    Dewey Decimal Classification     GRACE BIBLE COLLEGE GRACE BIBLE COLLEGE Ministry & Mission 2019-07-12   266 KAI 004302 2025-05-01 c.2 2019-07-12 Books
    Dewey Decimal Classification     GRACE BIBLE COLLEGE GRACE BIBLE COLLEGE Ministry & Mission 2019-07-12   266 KAI 004303 2025-05-01 c.3 2019-07-12 Books
    Dewey Decimal Classification     GRACE BIBLE COLLEGE GRACE BIBLE COLLEGE Ministry & Mission 2019-07-12   266 KAI 004304 2025-05-01 c.4 2019-07-12 Books
    Dewey Decimal Classification     GRACE BIBLE COLLEGE GRACE BIBLE COLLEGE Ministry & Mission 2019-07-12   266 KAI 004305 2025-05-01 c.5 2019-07-12 Books
    Dewey Decimal Classification     GRACE BIBLE COLLEGE GRACE BIBLE COLLEGE Ministry & Mission 2019-07-12   266 KAI 004306 2025-05-01 c.6 2019-07-12 Books
    Dewey Decimal Classification     GRACE BIBLE COLLEGE GRACE BIBLE COLLEGE Ministry & Mission 2019-07-12   266 KAI 004307 2025-05-01 c.7 2019-07-12 Books
© Grace Bible College Library 2025